Делопроизводство. Требования к документообороту фирмы (на основе ГОСТов РФ)

Bibliographic Details
Main Author: Андреева В. И.
Language:Russian
Published: Москва, Бизнес-школа "Интел-Синтез", 1994
Subjects:
Format: Book
KOHA link:https://koha.lib.tpu.ru/cgi-bin/koha/opac-detail.pl?biblionumber=66537

MARC

LEADER 00000nam0a2200000 4500
001 66537
005 20231031072314.0
035 |a (RuTPU)RU\TPU\book\70728 
090 |a 66537 
100 |a 20040825d1994 km y0rusy50 ca 
101 0 |a rus 
102 |a RU 
105 |a k z 001zy 
200 1 |a Делопроизводство. Требования к документообороту фирмы (на основе ГОСТов РФ)  |f В. И. Андреева 
210 |a Москва  |c Бизнес-школа "Интел-Синтез"  |d 1994 
215 |a 192 с.  |c ил. 
320 |a Библиогр.: с. 177-179 
610 1 |a делопроизводство 
610 1 |a документооборот 
610 1 |a документы 
610 1 |a оформление 
610 1 |a состав 
610 1 |a реквизиты 
610 1 |a регистрация 
610 1 |a систематизация 
675 |a 651.9  |v 3 
700 1 |a Андреева  |b В. И. 
801 1 |a RU  |b 63413507  |c 20040825  |g PSBO 
801 2 |a RU  |b 63413507  |c 20160408  |g PSBO 
942 |c BK